Statystyki dla Premier League Stadiony

Kliknij tutaj aby rozwiązać quiz!

Ogólne statystyki

  • Ten quiz został rozwiązany 99 razy
  • Średni wynik to 10 z 20

Statystyki odpowiedzi

NazwyOdpowiedzi% Poprawnych
Manchester UnitedOld Trafford
93%
LiverpoolAnfield
92%
Manchester CityEtihad Stadium
90%
ChelseaStamford Bridge
84%
ArsenalEmirates Stadium
77%
Tottenham HotspurTottenham Hotspur Stadium
68%
Leicester CityKing Power Stadium
61%
Aston VillaVilla Park
57%
NewcastleSt James' Park
48%
EvertonGoodison Park
47%
West HamLondon Stadium
46%
BrightonAmex Stadium
37%
WolvesMolineux
34%
SouthamptonSt Mary's Stadium
30%
BurnleyTurf Moor
29%
LeedsElland Road
28%
Crystal PalaceSelhurst Park
24%
BrentfordBrentford Community Stadium
22%
NorwichCarrow Road
16%
Watford Vicarage Road
13%

Rozkład punktacji

Percentyl według liczby udzielonych odpowiedzi

Procent ludzi z każdym wynikiem

Twoja historia wyników

Nie rozwiązałeś tego quizu